Normal view
MARC view
- Malay poem
Entry Topical Term
001 - CONTROL NUMBER
- control field: 7683
003 - CONTROL NUMBER IDENTIFIER
- control field: OSt
005 - DATE AND TIME OF LATEST TRANSACTION
- control field: 20170524121445.0
008 - FIXED-LENGTH DATA ELEMENTS
- fixed length control field: 170524|| aca||aabn | a|a d
040 ## - CATALOGING SOURCE
- Original cataloging agency: OSt
- Transcribing agency: OSt
150 ## - HEADING--TOPICAL TERM
- Topical term or geographic name entry element: Malay poem
670 ## - SOURCE DATA FOUND
- Source citation: Work cat.: (OSt)0: Usman Awang, Dato', 1929-2001 7682, Titian zaman :, 1979.

PORTAL AKMAL
E-MEL JKDM
AKMAL2U
G-BAM
u-PUSTAKA